| 000 | 01051cam a2200205 4500 | ||
|---|---|---|---|
| 001 | WB3844-22 | ||
| 008 | 021127n2002 000 0 eng u | ||
| 035 | _a(Sirsi) u120592 | ||
| 245 | _aMaking transport work | ||
| 260 | _c2002 | ||
| 490 |
_aRICS Press Release _v27 November 2002, (2) |
||
| 520 | _aRICS report "Making transport work" highlights how co-operation between local government and businesses can make local transport plans more effective. Problems such as congestion charging, poor public transport interchanges, pedestrianisation and high car park fees are factors which need to be considered to promote economic sustainability. Copies of report available from t +44 (0)20 334 3723 or available to download from www.rics.org/pd RICS News Release www.rics.org/ricscms/bin/show?class=PressRelease&template=/includes/showpr.html&id=842&faculty=RICS | ||
| 590 | _aWB | ||
| 650 | _aCONGESTION CHARGING | ||
| 650 | _aLOCAL GOVERNMENT | ||
| 650 | _aBUSINESSES | ||
| 650 | _aLOCAL TRANSPORT PLANS | ||
| 690 | _aTRANSPORT | ||
| 942 | _n0 | ||
| 999 |
_c71648 _d71648 |
||